000 00263nam a22000857a 4500
008 150128b xxu||||| |||| 00| 0 eng d
020 _cAvailable
245 _aMathematics 9 (Science Group)
_cDr .Dar Karamat H
260 _aLahore
_bCarvan Book House Lahore
_cJanuary 2014
999 _c24740
_d24740